UBT Library

A COLOR ATLAS OF HISTOLOGY (Record no. 59483)

000 -LEADER
fixed length control field 00329nam a22001457a 4500
008 - FIXED-LENGTH DATA ELEMENTS--GENERAL INFORMATION
fixed length control field 230330b ||||| |||| 00| 0 eng d
020 ## - INTERNATIONAL STANDARD BOOK NUMBER
International Standard Book Number 9780673991903
041 ## - LANGUAGE CODE
Language code of text/sound track or separate title eng
080 ## - UNIVERSAL DECIMAL CLASSIFICATION NUMBER
Universal Decimal Classification number 611.85
082 ## - DEWEY DECIMAL CLASSIFICATION NUMBER
Classification number 611.85STE
100 ## - Rafti
Rafti 15
101 ## - Shkurtesa
Shkurtesa HISTOLOGY
245 ## - TITLE STATEMENT
Title A COLOR ATLAS OF HISTOLOGY
Statement of responsibility, etc STRETE.D
942 ## - ADDED ENTRY ELEMENTS (KOHA)
Source of classification or shelving scheme
Item type Books
Holdings
Withdrawn status Lost status Source of classification or shelving scheme Damaged status Not for loan Collection code Permanent location Current location Date acquired Total Checkouts Full call number Barcode Date last seen Price effective from Koha item type
          Koleksioni i përgjithshem UBT - Lipjan UBT - Lipjan 03/30/2023   611.85STE 002-80004023 03/30/2023 03/30/2023 Books
          Koleksioni i përgjithshem UBT - Lipjan UBT - Lipjan 03/30/2023   611.85STE 002-80004024 03/30/2023 03/30/2023 Books
          Koleksioni i përgjithshem UBT - Lipjan UBT - Lipjan 03/30/2023   611.85STE 002-80004025 03/30/2023 03/30/2023 Books
          Koleksioni i përgjithshem UBT - Lipjan UBT - Lipjan 03/30/2023   611.85STE 002-80004026 03/30/2023 03/30/2023 Books
          Koleksioni i përgjithshem UBT - Lipjan UBT - Lipjan 03/30/2023   611.85STE 002-80004027 03/30/2023 03/30/2023 Books
          Koleksioni i përgjithshem UBT - Lipjan UBT - Lipjan 03/30/2023   611.85STE 002-80004028 03/30/2023 03/30/2023 Books
          Koleksioni i përgjithshem UBT - Lipjan UBT - Lipjan 03/30/2023   611.85STE 002-80004029 03/30/2023 03/30/2023 Books
UBT Library © 2015-2024. All rights reserved University Education for Business and Technology